El dinamismo vital en sus relaciones con el dinamismo medicamentoso y el dinamismo universal (Record no. 138476)
[ view plain ]
| 000 -LEADER | |
|---|---|
| campo de control de longitud fija | 00929nam a2200181 4500 |
| 001 - NÚMERO DE CONTROL | |
| campo de control | 138476 |
| 003 - IDENTIFICADOR DE NÚMERO DE CONTROL | |
| campo de control | ES-MaACL |
| 005 - FECHA Y HORA DE LA ÚLTIMA TRANSACCIÓN | |
| campo de control | 20230906195555.0 |
| 007 - CAMPO FIJO DE DESCRIPCIÓN FÍSICA--INFORMACIÓN GENERAL | |
| campo de control de longitud fija | t| |
| 008 - DATOS DE LONGITUD FIJA--INFORMACIÓN GENERAL | |
| campo de control de longitud fija | 070214s1960 sp r ||||1| spa d |
| 100 1# - ENTRADA PRINCIPAL--NOMBRE DE PERSONA | |
| Nombre de persona | Sanllehy, Juan. |
| 9 (RLIN) | 103178 |
| 245 13 - MENCIÓN DEL TÍTULO | |
| Título | El dinamismo vital en sus relaciones con el dinamismo medicamentoso y el dinamismo universal |
| Resto del título | : discurso leído en la sesión celebrada el día 10 de abril del año 1899 en la Academia Médico-Homeopática de Barcelona / |
| Mención de responsabilidad, etc. | por Juan Sanllehy. |
| 260 ## - PUBLICACIÓN, DISTRIBUCIÓN, ETC. | |
| Lugar de publicación, distribución, etc. | Barcelona : |
| Nombre del editor, distribuidor, etc. | La Hormiga de Oro, |
| Fecha de publicación, distribución, etc. | 1960. |
| 300 ## - DESCRIPCIÓN FÍSICA | |
| Extensión | 30 p. ; |
| Dimensiones | 24 cm. |
| 500 ## - NOTA GENERAL | |
| Nota general | En la cub.: Reeditado con ocasión de cumplirse el 70 aniversario de su fundación en homenaje a su primer presidente y fundador ----- La ed. original es de: Barcelona: [s. n.], 1899 (: Tip. del Sucesor de F. Sánchez) |
| 710 2# - ENTRADA AGREGADA--NOMBRE DE ENTIDAD CORPORATIVA | |
| Nombre de entidad corporativa o nombre de jurisdicción como elemento de entrada | Academia Médico-Homeopática de Barcelona. |
| 9 (RLIN) | 1207 |
| 852 ## - LOCALIZACIÓN | |
| Ubicación | ES-MaACL |
| Número de control de estantería | 2019-F-29 |
| Sublocalización o colección | R.46357 |
| Estatus retirado | Estado de pérdida | Estado de daño | No para préstamo | Colección | Biblioteca de origen | Biblioteca actual | Ubicación en estantería | Fecha de adquisición | Fuente de adquisición | Total de préstamos | Signatura topográfica completa | Código de barras | Visto por última vez | Precio de reemplazo | Tipo de ítem Koha |
|---|---|---|---|---|---|---|---|---|---|---|---|---|---|---|---|
| Colección de folletos | Biblioteca del Ateneo de Madrid | Biblioteca del Ateneo de Madrid | Depósito folletos | 17/01/2008 | 2019-F-29 | 1144095 | 23/02/2023 | 23/02/2023 | Folleto |
